00448nam a2200181Ia 4500008004100000020001800041050001400059100002000073245002400093245004800117260001500165260001600180260000900196300001600205300002700221300001000248500000800258170918s9999 xx 000 0 und d a9780545375085 bT197 2010 aTashjian, Janet aMy life as a book / cJanet Tashjian ; cartoons by Jake Tashjian. aNew York : bScholastic, c2010 a211 pages : bcolored illustration ; c19cm. a880